Cost estimating
Αποθηκεύτηκε σε:
| Κύριος συγγραφέας: | |
|---|---|
| Μορφή: | Βιβλίο |
| Γλώσσα: | English |
| Δημοσίευση: |
New York ; Chichester :
Wiley,
1991
|
| Έκδοση: | 2nd ed. |
| Σειρά: | New dimensions in engineering
|
| Θέματα: | |
| Ετικέτες: |
Προσθήκη ετικέτας
Δεν υπάρχουν, Καταχωρήστε ετικέτα πρώτοι!
|
MARC
| LEADER | 00000nam a2200000 i 4500 | ||
|---|---|---|---|
| 001 | 1/53234 | ||
| 008 | 070830s1991 eng d | ||
| 020 | |a 0-471-85707-6 | ||
| 035 | |l 10090231 | ||
| 040 | |a GR-MY-UA |b gre |e aacr | ||
| 041 | 0 | |a eng | |
| 082 | 0 | |a 658.1552 |2 (22) | |
| 100 | 1 | |a Stewart, Rodney D. | |
| 245 | 1 | 0 | |a Cost estimating / |c Rodney D, Stewart |
| 250 | |a 2nd ed. | ||
| 260 | |a New York ; Chichester : |b Wiley, |c 1991 | ||
| 300 | |a xxi, 359 σ.; |b εικ.; |c 24 εκ. | ||
| 490 | 1 | |a New dimensions in engineering | |
| 500 | |a Previous ed.: 1982 | ||
| 504 | |a Περιλαμβάνει βιβλιογραφία και ευρετήριο. | ||
| 650 | 0 | 0 | |a Costs, Industrial |x Estimates. |
| 830 | 0 | |a New dimensions in engineering | |
| 852 | |a INST |b SAMOS |e 20070830 |h 658.1552 STE |p 005300028371 |q 005300028371 |t BK |y 0 | ||
| 901 | |a BIBL3-2007-2 | ||
| 909 | |a Σ |b 137303 | ||
| 922 | |a 3ΕΛΗ |b 200707 |c ΕΠΕΑΕΚ2/ΤΜΠΕΣ |d ΕΛΕΥΘΕΡΟΥΔΑΚΗΣ | ||
| 970 | |z 2007/08/30 | ||